MARC

LEADER 00000nam0a2200000 4500
001 290734
005 20231102000322.0
035 |a (RuTPU)RU\TPU\book\315290 
090 |a 290734 
100 |a 20150408d1967 k y0rusy50 ca 
101 0 |a rus 
102 |a RU 
105 |a a z 001zy 
200 1 |a Гамма-дефектоскопы для проиышленной радиографии  |f А. Г. Сулькин 
210 |a Москва  |c ИНФОРМСТАНДАРТЭЛЕКТРО  |d 1967 
215 |a 95 с.  |c ил. 
320 |a Библиогр.: с. 94. 
606 1 |a Радиография нейтронная  |2 stltpush  |3 (RuTPU)RU\TPU\subj\22648  |9 47372 
610 1 |a гамма-дефектоскопы 
610 1 |a промышленная радиография 
610 1 |a радиационно-защитные материалы 
610 1 |a требования 
610 1 |a радиационная безопасность 
675 |a 620.179.15  |v 3 
700 1 |a Сулькин  |b А. Г. 
801 1 |a RU  |b 63413507  |c 20150408 
801 2 |a RU  |b 63413507  |c 20220531  |g RCR 
942 |c BK